Sistemas agrarios / (Record no. 145383)

MARC details
000 -LEADER
campo de control de longitud fija 00497nam a2200157 4500
001 - NÚMERO DE CONTROL
campo de control 145383
003 - IDENTIFICADOR DE NÚMERO DE CONTROL
campo de control ES-MaACL
007 - CAMPO FIJO DE DESCRIPCIÓN FÍSICA--INFORMACIÓN GENERAL
campo de control de longitud fija t|
008 - DATOS DE LONGITUD FIJA--INFORMACIÓN GENERAL
campo de control de longitud fija 070214s1982 sp r ||||1| spa d
100 1# - ENTRADA PRINCIPAL--NOMBRE DE PERSONA
Nombre de persona Spedding, C. R. W.
9 (RLIN) 107666
245 10 - MENCIÓN DEL TÍTULO
Título Sistemas agrarios /
Mención de responsabilidad, etc. C. R. W. Spedding ; traducción de Gaspar González y González.
260 ## - PUBLICACIÓN, DISTRIBUCIÓN, ETC.
Lugar de publicación, distribución, etc. Zaragoza :
Nombre del editor, distribuidor, etc. Acribia,
Fecha de publicación, distribución, etc. 1982.
300 ## - DESCRIPCIÓN FÍSICA
Extensión 189 p. :
Otras características físicas il. ;
Dimensiones 22 cm.
700 1# - ENTRADA AGREGADA--NOMBRE PERSONAL
Nombre de persona González y González, Gaspar.
9 (RLIN) 59033
852 ## - LOCALIZACIÓN
Ubicación ES-MaACL
Número de control de estantería L-4133
Sublocalización o colección R.103704
Holdings
Estatus retirado Estado de pérdida Estado de daño No para préstamo Biblioteca de origen Biblioteca actual Ubicación en estantería Fecha de adquisición Fuente de adquisición Total de préstamos Signatura topográfica completa Código de barras Visto por última vez Precio de reemplazo Tipo de ítem Koha
        Biblioteca del Ateneo de Madrid Biblioteca del Ateneo de Madrid Depósito 2 17/01/2008     L-4133 1151756 23/02/2023 23/02/2023 Libro impreso